[Event "Santo Domingo U2000 op"]
[Site "Santo Domingo"]
[Date "2017.06.03"]
[Round "3"]
[White "Mejia Sosa, Johnatan Radhames"]
[Black "Lazala Casso, Cesar Alfonso"]
[Result "0-1"]
[WhiteElo "1698"]
[BlackElo "1925"]
[PlyCount "22"]
[EventDate "2017.06.02"]
[EventType "swiss"]
[EventRounds "8"]
[EventCountry "DOM"]
[SourceTitle "CBM 178 Extra"]
[Source "ChessBase"]
[SourceDate "2017.06.22"]
[SourceVersion "1"]
[SourceVersionDate "2017.06.22"]
[SourceQuality "1"]

1. e4 c6 2. Nf3 d5 3. exd5 cxd5 4. g3 Bf5 5. Bg2 e6 6. 0-0 Nf6 7. d4 Be7 8. Nbd2 0-0 9. Ne5 Nc6 10. Nef3 h6 11. c3 Rc8 0-1

[Event "Santo Domingo U2000 op"]
[Site "Santo Domingo"]
[Date "2017.06.03"]
[Round "2"]
[White "Ramirez, David"]
[Black "Lazala Casso, Cesar Alfonso"]
[Result "1-0"]
[WhiteElo "1783"]
[BlackElo "1925"]
[PlyCount "92"]
[EventDate "2017.06.02"]
[EventType "swiss"]
[EventRounds "8"]
[EventCountry "DOM"]
[SourceTitle "CBM 178 Extra"]
[Source "ChessBase"]
[SourceDate "2017.06.22"]
[SourceVersion "1"]
[SourceVersionDate "2017.06.22"]
[SourceQuality "1"]

1. e4 c6 2. d4 d5 3. e5 Bf5 4. h4 h5 5. Bd3 Bxd3 6. Qxd3 e6 7. c3 c5 8. Be3 Nc6 9. Qd2 Nge7 10. Bg5 Qc7 11. Bxe7 Bxe7 12. Nf3 cxd4 13. cxd4 Rc8 14. Nc3 a6 15. 0-0 0-0 16. Rac1 Qd8 17. Qf4 f6 18. exf6 Rxf6 19. Qe3 Rg6 20. Qd3 Qe8 21. Ne2 Rg4 22. g3 Bd6 23. Ng5 g6 24. f4 Be7 25. Nf3 Qf8 26. Kh2 Re8 27. Ng5 Qf6 28. Qe3 Bd6 29. Rfd1 Nd8 30. Rc8 Qe7 31. Rdc1 Kg7 32. Kh3 Nf7 33. Rxe8 Nxg5+ 34. hxg5 Qxe8 35. Ng1 Qd7 36. Nf3 e5 37. Nxe5 Qe6 38. Kg2 Bxe5 39. Qxe5+ Qxe5 40. dxe5 h4 41. Rc7+ Kf8 42. Kh3 Rxg3+ 43. Kxh4 Rg1 44. Rxb7 Rd1 45. Kg4 d4 46. Kf3 Rd2 1-0